Teaching in Cambodia. (Record no. 16256)

000 -LEADER
fixed length control field 00609cam a2200169 a 4500
040 ## - CATALOGING SOURCE
Transcribing agency DLC
082 ## - DEWEY DECIMAL CLASSIFICATION NUMBER
Classification number 371 HUM 2008 A089 Or.
245 00 - TITLE STATEMENT
Title Teaching in Cambodia.
260 ## - PUBLICATION, DISTRIBUTION, ETC. (IMPRINT)
Place of publication [Phnom Penh] :
Name of publisher Human Development Sector, East Asia and the Pacific Region, The World Bank :
-- Ministry of Education, Youth and Sport, Royal Government of Cambodia,
Year of publication 2008.
300 ## - PHYSICAL DESCRIPTION
Number of Pages xvi, 127 p. :
Other physical details ill. (some col.), maps (some col.) ;
Dimensions 26 cm.
650 #0 - SUBJECT ADDED ENTRY--TOPICAL TERM
Topical Term Teachers
650 #0 - SUBJECT ADDED ENTRY--TOPICAL TERM
Topical Term Teaching
710 2# - ADDED ENTRY--CORPORATE NAME
Corporate name or jurisdiction name as entry element World Bank.
710 1# - ADDED ENTRY--CORPORATE NAME
Corporate name or jurisdiction name as entry element Cambodia.
856 41 - ELECTRONIC LOCATION AND ACCESS
Uniform Resource Identifier http://www.loc.gov/catdir/toc/fy13pdf03/2011360900.html
942 ## - ADDED ENTRY ELEMENTS (KOHA)
Koha item type សៀវភៅភាសាអង់គ្លេស
952 ## - LOCATION AND ITEM INFORMATION (KOHA)
Withdrawn status [LOCAL, KOHA] 0
952 ## - LOCATION AND ITEM INFORMATION (KOHA)
Withdrawn status [LOCAL, KOHA] 0
Holdings
Permanent Location Date acquired Koha item type Lost status Shelving location Barcode Current Location Full call number
Library Block A2018-01-26សៀវភៅភាសាអង់គ្លេស A089A23691Library Block A371 HUM 2008 A089 Or.
Library Block A2018-01-26សៀវភៅភាសាអង់គ្លេស A089A23322Library Block A371 HUM 2008 A089 Or.
មជ្ឈមណ្ឌលឯការនៃសាកលវិទ្យាល័យភូមិន្ទកសិកម្មចំការដូង

Powered by Koha